00963 2200325 4500001002100000005001500021035002000036007000300056008004100059040001700100100002800117245009200145250001200237300003400249020002100283041000800304082001100312084001700323090002200340260003800362260004300400264004300443650001100486700003000497850001000527990002500537990002500562990002500587990002500612INLIS00000000000235920260602020029 a0010-0220000210ta260602 0  aSBPUPADbind0 aErnest Miller Hemingway1 aThe Fifth Column Angkatan Kelima /cErnest Miller Hemingway, Penyunting: Daru Wijayanti a,-cet,1 avi, 197 hlm. :bilus ;c23 cm a978-602-6121-1-3 aind a808.83 a808.83 ERN t a808.83 ERN t 24-5 aYogyakarta :bIndoliterasi,c2017 a,-- Yogyakarta; :bIndoliterasi,c2017 a,-- Yogyakarta; :bIndoliterasi,c2017 4asastra aPenerjemah, Aji Armansah aPUPAD a31.137/APBD/DPK/2019 a31.138/APBD/DPK/2019 a31.139/APBD/DPK/2019 a31.140/APBD/DPK/2019